000 00317nam a2200121Ia 4500
005 20260326235451.0
008 260326s9999||||xx |||||||||||||| ||und||
100 _aHaney, Robert
245 0 _aWoodstock handmade Houses /
_cRobert Haney
260 _bBallantine Books
650 _aARQUITECTURA RESIDENCIAL
942 _cBK
999 _c7761
_d7761